Assessment of authentic performance in school mathematics /

Bibliographic Details
Other Authors: Lesh, Richard A., Lamon, Susan J., 1949-
Format: Book
Language:English
Published: Washington, D.C. : American Association for the Advancement of Science, [1992]
Series:AAAS Press series on assessment and evaluation.
Subjects:

MARC

Tag First Indicator Second Indicator Subfields
LEADER 00000cam a22000008a 4500
001 in00001095708
005 20150929184726.0
008 920512s1992 dcu b 000 0 eng
010 |a  92014967  
020 |a 0871685000 
035 |a (OCoLC)25963911 
035 |9 AFS4526AM 
040 |a DLC  |c DLC  |d TXA  |d UtOrBLW 
049 |a TXAM 
050 0 0 |a QA135.5  |b .A797 1992 
082 0 0 |a 372.7/044/0973  |2 20 
245 0 0 |a Assessment of authentic performance in school mathematics /  |c Richard A. Lesh and Susan J. Lamon, editors. 
264 1 |a Washington, D.C. :  |b American Association for the Advancement of Science,  |c [1992] 
264 4 |c ©1992 
300 |a 445 pages :  |b illustrations 
336 |a text  |b txt  |2 rdacontent 
337 |a unmediated  |b n  |2 rdamedia 
338 |a volume  |b nc  |2 rdacarrier 
490 1 |a AAAS Press series on assessment and evaluation 
504 |a Includes bibliographical references and index. 
650 0 |a Mathematical ability  |x Testing. 
650 0 |a Mathematics  |x Study and teaching (Elementary) 
700 1 |a Lesh, Richard A. 
700 1 |a Lamon, Susan J.,  |d 1949- 
830 0 |a AAAS Press series on assessment and evaluation. 
999 |a MARS 
999 f f |s 855a3f01-14b3-3c2b-a463-043ae883a88d  |i 5b7b8990-2c24-3684-ae90-f4277cb42e43  |t 0 
952 f f |p normal  |a Texas A&M University  |b College Station  |c Sterling C. Evans Library  |d Evans: Library Stacks  |t 0  |e QA135.5 .A797 1992  |h Library of Congress classification  |i unmediated -- volume  |m A14816448166 
998 f f |a QA135.5 .A797 1992  |t 0  |l Evans: Library Stacks